Graphic Recognition. Current Trends and Challenges (Запис № 451558)
[ простий вигляд ]
| 000 -LEADER | |
|---|---|
| fixed length control field | 04044nam a22006495i 4500 |
| 001 - CONTROL NUMBER | |
| control field | 978-3-319-52159-6 |
| 003 - CONTROL NUMBER IDENTIFIER | |
| control field | DE-He213 |
| 005 - DATE AND TIME OF LATEST TRANSACTION | |
| control field | 20210118144508.0 |
| 007 - PHYSICAL DESCRIPTION FIXED FIELD--GENERAL INFORMATION | |
| fixed length control field | cr nn 008mamaa |
| 008 - FIXED-LENGTH DATA ELEMENTS--GENERAL INFORMATION | |
| fixed length control field | 170107s2017 gw | s |||| 0|eng d |
| 020 ## - INTERNATIONAL STANDARD BOOK NUMBER | |
| International Standard Book Number | 9783319521596 |
| -- | 978-3-319-52159-6 |
| 024 7# - OTHER STANDARD IDENTIFIER | |
| Standard number or code | 10.1007/978-3-319-52159-6 |
| Source of number or code | doi |
| 050 #4 - LIBRARY OF CONGRESS CALL NUMBER | |
| Classification number | QA76.9.N38 |
| 072 #7 - SUBJECT CATEGORY CODE | |
| Subject category code | UYQL |
| Source | bicssc |
| 072 #7 - SUBJECT CATEGORY CODE | |
| Subject category code | COM073000 |
| Source | bisacsh |
| 072 #7 - SUBJECT CATEGORY CODE | |
| Subject category code | UYQL |
| Source | thema |
| 082 04 - DEWEY DECIMAL CLASSIFICATION NUMBER | |
| Classification number | 006.35 |
| Edition number | 23 |
| 245 10 - TITLE STATEMENT | |
| Title | Graphic Recognition. Current Trends and Challenges |
| Medium | [electronic resource] : |
| Remainder of title | 11th International Workshop, GREC 2015, Nancy, France, August 22–23, 2015, Revised Selected Papers / |
| Statement of responsibility, etc | edited by Bart Lamiroy, Rafael Dueire Lins. |
| 250 ## - EDITION STATEMENT | |
| Edition statement | 1st ed. 2017. |
| 264 #1 - | |
| -- | Cham : |
| -- | Springer International Publishing : |
| -- | Imprint: Springer, |
| -- | 2017. |
| 300 ## - PHYSICAL DESCRIPTION | |
| Extent | X, 149 p. 83 illus. |
| Other physical details | online resource. |
| 336 ## - | |
| -- | text |
| -- | txt |
| -- | rdacontent |
| 337 ## - | |
| -- | computer |
| -- | c |
| -- | rdamedia |
| 338 ## - | |
| -- | online resource |
| -- | cr |
| -- | rdacarrier |
| 347 ## - | |
| -- | text file |
| -- | |
| -- | rda |
| 490 1# - SERIES STATEMENT | |
| Series statement | Image Processing, Computer Vision, Pattern Recognition, and Graphics ; |
| Том/ позначення послідовності | 9657 |
| 505 0# - FORMATTED CONTENTS NOTE | |
| Formatted contents note | Symbol spotting -- Recognition in context -- Perceptual based approaches and grouping -- Low level processing -- Off-line to on-line and interactive systems -- Structure based approaches.-Performance evaluation and ground truthing -- Content based retrieval. |
| 520 ## - SUMMARY, ETC. | |
| Summary, etc | This book constitutes the thoroughly refereed post-conference proceedings of the 11th International Workshop on Graphics Recognition, GREC 2015, held in Nancy, France, in August 2015. The 10 revised full papers presented were carefully reviewed and selected from 19 initial submissions. They contain both classical and emerging topics of Graphics Recognition, namely symbol spotting; recognition in context; perceptual based approaches and grouping; low level processing; off-line to on-line and interactive systems; structure based approaches; performance evaluation and ground truthing; content based retrieval. |
| 506 ## - RESTRICTIONS ON ACCESS NOTE | |
| Terms governing access | Available to subscribing member institutions only. Доступно лише організаціям членам підписки. |
| 506 ## - RESTRICTIONS ON ACCESS NOTE | |
| Standardized terminology for access restriction | Online access from local network of NaUOA. |
| 506 ## - RESTRICTIONS ON ACCESS NOTE | |
| Standardized terminology for access restriction | Online access with authorization at https://link.springer.com/ |
| 506 ## - RESTRICTIONS ON ACCESS NOTE | |
| Standardized terminology for access restriction | Онлайн-доступ з локальної мережі НаУОА. |
| 506 ## - RESTRICTIONS ON ACCESS NOTE | |
| Standardized terminology for access restriction | Онлайн доступ з авторизацією на https://link.springer.com/ |
| 650 #0 - SUBJECT ADDED ENTRY--TOPICAL TERM | |
| Topical term or geographic name as entry element | Natural language processing (Computer science). |
| 650 #0 - SUBJECT ADDED ENTRY--TOPICAL TERM | |
| Topical term or geographic name as entry element | Optical data processing. |
| 650 #0 - SUBJECT ADDED ENTRY--TOPICAL TERM | |
| Topical term or geographic name as entry element | Algorithms. |
| 650 #0 - SUBJECT ADDED ENTRY--TOPICAL TERM | |
| Topical term or geographic name as entry element | Pattern recognition. |
| 650 #0 - SUBJECT ADDED ENTRY--TOPICAL TERM | |
| Topical term or geographic name as entry element | Computer graphics. |
| 650 14 - SUBJECT ADDED ENTRY--TOPICAL TERM | |
| Topical term or geographic name as entry element | Natural Language Processing (NLP). |
| -- | http://scigraph.springernature.com/things/product-market-codes/I21040 |
| 650 24 - SUBJECT ADDED ENTRY--TOPICAL TERM | |
| Topical term or geographic name as entry element | Image Processing and Computer Vision. |
| -- | http://scigraph.springernature.com/things/product-market-codes/I22021 |
| 650 24 - SUBJECT ADDED ENTRY--TOPICAL TERM | |
| Topical term or geographic name as entry element | Algorithm Analysis and Problem Complexity. |
| -- | http://scigraph.springernature.com/things/product-market-codes/I16021 |
| 650 24 - SUBJECT ADDED ENTRY--TOPICAL TERM | |
| Topical term or geographic name as entry element | Pattern Recognition. |
| -- | http://scigraph.springernature.com/things/product-market-codes/I2203X |
| 650 24 - SUBJECT ADDED ENTRY--TOPICAL TERM | |
| Topical term or geographic name as entry element | Computer Graphics. |
| -- | http://scigraph.springernature.com/things/product-market-codes/I22013 |
| 700 1# - ADDED ENTRY--PERSONAL NAME | |
| Personal name | Lamiroy, Bart. |
| Relator term | editor. |
| Relator code | edt |
| -- | http://id.loc.gov/vocabulary/relators/edt |
| 700 1# - ADDED ENTRY--PERSONAL NAME | |
| Personal name | Dueire Lins, Rafael. |
| Relator term | editor. |
| Relator code | edt |
| -- | http://id.loc.gov/vocabulary/relators/edt |
| 710 2# - ADDED ENTRY--CORPORATE NAME | |
| Corporate name or jurisdiction name as entry element | SpringerLink (Online service) |
| 773 0# - HOST ITEM ENTRY | |
| Title | Springer eBooks |
| 776 08 - ADDITIONAL PHYSICAL FORM ENTRY | |
| Display text | Printed edition: |
| International Standard Book Number | 9783319521589 |
| 776 08 - ADDITIONAL PHYSICAL FORM ENTRY | |
| Display text | Printed edition: |
| International Standard Book Number | 9783319521602 |
| 830 #0 - SERIES ADDED ENTRY--UNIFORM TITLE | |
| Uniform title | Image Processing, Computer Vision, Pattern Recognition, and Graphics ; |
| Volume number/sequential designation | 9657 |
| 856 40 - ELECTRONIC LOCATION AND ACCESS | |
| Uniform Resource Identifier | <a href="https://doi.org/10.1007/978-3-319-52159-6">https://doi.org/10.1007/978-3-319-52159-6</a> |
| 912 ## - | |
| -- | ZDB-2-SCS |
| 912 ## - | |
| -- | ZDB-2-LNC |
| 942 ## - ADDED ENTRY ELEMENTS (KOHA) | |
| Koha item type | ЕКнига |
Немає доступних примірників.